Takmer tretina úverov bánk na Slovensku je stratová

Medzipodniková platobná neschopnosť zasahuje aj banky. Ich úverové portfoliá sú zrkadlom finančnej situácie podnikov. Bankový dohľad NBS vykonal analýzu dotvorenia zdrojov na krytie rizík v bankách SR. Potreba sprísniť pravidlá hodnotenia kvality pohľadávok - opatrenie NBS o pravidlách hodnotenia po...

ver descrição completa

Na minha lista:
Detalhes bibliográficos
Autor principal: Sobek, Otto
Formato: Capítulo de Livro
Idioma:eslovaco
Assuntos:
Tags: Adicionar Tag
Sem tags, seja o primeiro a adicionar uma tag!

MARC

LEADER 00000naa a2200000 4500
001 r019017
005 20221205103131.2
041 0 |a slo 
044 |a SK 
245 1 0 |a Takmer tretina úverov bánk na Slovensku je stratová  |c Otto Sobek 
520 |a Medzipodniková platobná neschopnosť zasahuje aj banky. Ich úverové portfoliá sú zrkadlom finančnej situácie podnikov. Bankový dohľad NBS vykonal analýzu dotvorenia zdrojov na krytie rizík v bankách SR. Potreba sprísniť pravidlá hodnotenia kvality pohľadávok - opatrenie NBS o pravidlách hodnotenia pohľadávok podľa rizík v nich obsiahnutých a o tvorbe zdrojov na ich krytie (10.3.1995). Rozdelenie pohľadávok do 2 skupín a 5 kategórií. 
610 2 0 |a úver bankový 
610 2 0 |a banky 
610 2 0 |a Slovensko 
610 2 0 |a insolventnosť 
610 2 0 |a podnik 
610 2 0 |a dohľad bankový 
610 2 0 |a NBS Bratislava 
610 2 0 |a opatrenia 
610 2 0 |a portfólio 
610 2 0 |a banky obchodné 
610 2 0 |a VÚB Bratislava 
610 2 0 |a Slovenská poisťovňa, a.s. Bratislava 
610 2 0 |a IRB, a.s. Bratislava 
610 2 0 |a riziko 
610 2 0 |a pohľadávky 
610 2 0 |a klasifikácia 
100 1 |a Sobek, Otto